Mentidero de Madrid / (Record no. 181935)
[ view plain ]
| 000 -LEADER | |
|---|---|
| campo de control de longitud fija | 00826nam a2200241 i 4500 |
| 001 - NÚMERO DE CONTROL | |
| campo de control | 181935 |
| 003 - IDENTIFICADOR DE NÚMERO DE CONTROL | |
| campo de control | ES-MaACL |
| 005 - FECHA Y HORA DE LA ÚLTIMA TRANSACCIÓN | |
| campo de control | 20240421063032.0 |
| 008 - DATOS DE LONGITUD FIJA--INFORMACIÓN GENERAL | |
| campo de control de longitud fija | 130507s2011 sp | |||||||| | spa d |
| 020 ## - NÚMERO INTERNACIONAL ESTÁNDAR DEL LIBRO | |
| Número Internacional Estándar del Libro | 978-84939391-0-3 |
| 080 ## - NÚMERO DE LA CLASIFICACIÓN DECIMAL UNIVERSAL | |
| Número de la Clasificación Decimal Universal | 821.134.2-14"19" |
| 100 0# - ENTRADA PRINCIPAL--NOMBRE DE PERSONA | |
| Nombre de persona | Gracia Trinidad, Enrique, |
| Fechas asociadas al nombre | 1950- |
| 9 (RLIN) | 59477 |
| 245 10 - MENCIÓN DEL TÍTULO | |
| Título | Mentidero de Madrid / |
| Mención de responsabilidad, etc. | Enrique Gracia Trinidad. |
| 250 ## - MENCION DE EDICION | |
| Mención de edición | 1ª ed. |
| 260 ## - PUBLICACIÓN, DISTRIBUCIÓN, ETC. | |
| Lugar de publicación, distribución, etc. | Madrid : |
| Nombre del editor, distribuidor, etc. | Rilke, |
| Fecha de publicación, distribución, etc. | 2011. |
| 300 ## - DESCRIPCIÓN FÍSICA | |
| Extensión | 152 p. ; |
| Dimensiones | 20 cm. |
| 490 1# - MENCIÓN DE SERIE | |
| Mención de serie | Colección Poesía ; |
| Designación de volumen o secuencia | n. 4 |
| 830 0# - PUNTO DE ACCESO ADICIONAL DE SERIE-TÍTULO UNIFORME | |
| Título uniforme | Colección Poesía ; |
| Designación de volumen o secuencia | n. 4 |
| 9 (RLIN) | 178068 |
| 852 ## - LOCALIZACIÓN | |
| Ubicación | ES-MaACL |
| Número de control de estantería | A-12636 |
| itemnumber | 188843 |
| Sublocalización o colección | R.148801 |
| Ubicación en estantería | Depósito 1 |
| Signatura antigua | Olim: N-5637 |
| Encuadernación | Donación: Enrique Gracia Trinidad |
| Nota libre | Dedicatoria autógrafa del autor |
| 903 ## - NOMBRE PERSONAL DE DONANTE | |
| a | Gracia Trinidad, Enrique, |
| d | 1950- |
| e | Donante |
| 9 | 59477 |
| 942 ## - ELEMENTOS DE ENTRADA SECUNDARIOS (KOHA) | |
| Fuente del sistema de clasificación o colocación | Clasificación decimal universal |
| Estatus retirado | Estado de pérdida | Fuente del sistema de clasificación o colocación | Estado de daño | No para préstamo | Colección | Biblioteca de origen | Biblioteca actual | Ubicación en estantería | Fecha de adquisición | Fuente de adquisición | Total de préstamos | Signatura topográfica completa | Código de barras | Visto por última vez | Precio de reemplazo | Tipo de ítem Koha | Nota pública |
|---|---|---|---|---|---|---|---|---|---|---|---|---|---|---|---|---|---|
| Clasificación decimal universal | Libros con dedicatorias | Biblioteca del Ateneo de Madrid | Biblioteca del Ateneo de Madrid | Depósito 1 | 07/05/2013 | Donación | A-12636 | 1191193 | 23/02/2023 | 23/02/2023 | Libro impreso | Dedicatoria autógrafa del autor |
